000 00729nam a2200265Ia 4500
005 20260121165827.0
008 008 260114s9999 xx 000 0 eng d
020 _a9783319307855
037 _aEBOOK
040 _aCRL
040 _beng
040 _cCRL
041 _2eng
041 _aeng
084 _qCRL
100 _aJean-Baptiste Hiriart-Urruty, Adam Korytowski, Helmut Maurer, Maciej Szymkat
_91056516
245 0 _aAdvances in Mathematical Modeling, Optimization and Optimal Control
260 _bSpringer
260 _bSpringer
260 _c2016
856 _uhttps://link.springer.com/openurl?genre=book&isbn=978-3-319-30785-5
942 _cEBOOK
999 _c1622244
_d1622244